000 00520cam a2200217ua 4500
001 8504
005 20260515114337.0
008 150205n xxk |||gr||||Z||||||eng
020 _a9780340958766
040 _cMAIN
041 _aeng
082 _a400
100 _aCook, V.,
_eAuthor.,
245 1 _aSecond language learning and language teaching
_cBy Vivian Cook
250 _a4th.
260 _aLondon:
_bHodder,
_c2011.
300 _axv,306p.
653 _aLanguage
653 _aLanguage teaching
942 _cBK
999 _c7600
_d7600